<?xml version="1.0" encoding="UTF-8"?>
<record
    xmlns:xsi="http://www.w3.org/2001/XMLSchema-instance"
    xsi:schemaLocation="http://www.loc.gov/MARC21/slim http://www.loc.gov/standards/marcxml/schema/MARC21slim.xsd"
    xmlns="http://www.loc.gov/MARC21/slim">

  <leader>01290nam a22002895a 4500</leader>
  <datafield tag="999" ind1=" " ind2=" ">
    <subfield code="c">27176</subfield>
    <subfield code="d">27148</subfield>
  </datafield>
  <controlfield tag="003">EG-ScBUE</controlfield>
  <controlfield tag="005">20190218115402.0</controlfield>
  <controlfield tag="008">190218s2011    ua     frb    000 0 ara d</controlfield>
  <datafield tag="017" ind1=" " ind2=" ">
    <subfield code="a">2010 / 11250</subfield>
  </datafield>
  <datafield tag="020" ind1=" " ind2=" ">
    <subfield code="a">9789773563737</subfield>
  </datafield>
  <datafield tag="020" ind1=" " ind2=" ">
    <subfield code="a">9789773563937</subfield>
  </datafield>
  <datafield tag="040" ind1=" " ind2=" ">
    <subfield code="a">EG-ScBUE</subfield>
    <subfield code="b">ara</subfield>
    <subfield code="c">EG-ScBUE</subfield>
    <subfield code="d">EG-ScBUE</subfield>
  </datafield>
  <datafield tag="082" ind1="0" ind2="4">
    <subfield code="a">320.54095694</subfield>
    <subfield code="b">&#x634; &#x627; &#x643;</subfield>
    <subfield code="2">22</subfield>
  </datafield>
  <datafield tag="100" ind1="1" ind2=" ">
    <subfield code="a">&#x634;&#x627;&#x643;&#x631;&#x60C; &#x639;&#x628;&#x62F; &#x627;&#x644;&#x648;&#x647;&#x627;&#x628; &#x633;&#x639;&#x64A;&#x62F;.</subfield>
  </datafield>
  <datafield tag="245" ind1="1" ind2="0">
    <subfield code="a">&#x62F;&#x648;&#x631; &#x64A;&#x647;&#x648;&#x62F; &#x627;&#x644;&#x648;&#x644;&#x627;&#x64A;&#x627;&#x62A; &#x627;&#x644;&#x645;&#x62A;&#x62D;&#x62F;&#x629; &#x641;&#x64A; &#x62F;&#x639;&#x645; &#x627;&#x644;&#x62D;&#x631;&#x643;&#x629; &#x627;&#x644;&#x635;&#x647;&#x64A;&#x648;&#x646;&#x64A;&#x629; /</subfield>
    <subfield code="c">&#x639;&#x628;&#x62F; &#x627;&#x644;&#x648;&#x647;&#x627;&#x628; &#x633;&#x639;&#x64A;&#x62F; &#x634;&#x627;&#x643;&#x631;.</subfield>
  </datafield>
  <datafield tag="246" ind1="3" ind2="3">
    <subfield code="a">&#x62F;&#x648;&#x631; &#x64A;&#x647;&#x648;&#x62F; &#x627;&#x644;&#x648;&#x644;&#x627;&#x64A;&#x627;&#x62A; &#x627;&#x644;&#x645;&#x62A;&#x62D;&#x62F;&#x629; &#x641;&#x64A; &#x62F;&#x639;&#x645; &#x627;&#x644;&#x62D;&#x631;&#x643;&#x629; &#x627;&#x644;&#x635;&#x647;&#x64A;&#x648;&#x646;&#x64A;&#x629;&#x60C; (1939 - 1945 &#x645;)</subfield>
  </datafield>
  <datafield tag="250" ind1=" " ind2=" ">
    <subfield code="a">&#x637;. 1.</subfield>
  </datafield>
  <datafield tag="260" ind1=" " ind2=" ">
    <subfield code="a">&#x627;&#x644;&#x62C;&#x64A;&#x632;&#x629;&#x60C; &#x645;&#x635;&#x631; :</subfield>
    <subfield code="b">&#x647;&#x644;&#x627; &#x644;&#x644;&#x646;&#x634;&#x631; &#x648;&#x627;&#x644;&#x62A;&#x648;&#x632;&#x64A;&#x639;&#x60C;</subfield>
    <subfield code="c">2011.</subfield>
  </datafield>
  <datafield tag="300" ind1=" " ind2=" ">
    <subfield code="a">244 &#x635;. &#x61B;</subfield>
    <subfield code="c">24 &#x633;&#x645;.</subfield>
  </datafield>
  <datafield tag="504" ind1=" " ind2=" ">
    <subfield code="a">&#x64A;&#x634;&#x62A;&#x645;&#x644; &#x639;&#x644;&#x649; &#x625;&#x631;&#x62C;&#x627;&#x639;&#x627;&#x62A; &#x628;&#x628;&#x644;&#x64A;&#x648;&#x62C;&#x631;&#x627;&#x641;&#x64A;&#x629;.</subfield>
  </datafield>
  <datafield tag="650" ind1=" " ind2="7">
    <subfield code="a">&#x627;&#x644;&#x635;&#x647;&#x64A;&#x648;&#x646;&#x64A;&#x629;</subfield>
    <subfield code="x">&#x62A;&#x627;&#x631;&#x64A;&#x62E;.</subfield>
    <subfield code="2">BUEsh</subfield>
  </datafield>
  <datafield tag="650" ind1=" " ind2="7">
    <subfield code="a">&#x627;&#x644;&#x64A;&#x647;&#x648;&#x62F;</subfield>
    <subfield code="z">&#x627;&#x644;&#x648;&#x644;&#x627;&#x64A;&#x627;&#x62A; &#x627;&#x644;&#x645;&#x62A;&#x62D;&#x62F;&#x629; &#x627;&#x644;&#x623;&#x645;&#x631;&#x64A;&#x643;&#x64A;&#x629;.</subfield>
    <subfield code="2">BUEsh</subfield>
  </datafield>
  <datafield tag="650" ind1=" " ind2="7">
    <subfield code="a">&#x627;&#x644;&#x646;&#x632;&#x627;&#x639; &#x627;&#x644;&#x639;&#x631;&#x628;&#x64A; &#x627;&#x644;&#x625;&#x633;&#x631;&#x627;&#x626;&#x64A;&#x644;&#x64A;.</subfield>
    <subfield code="2">BUEsh</subfield>
  </datafield>
  <datafield tag="651" ind1=" " ind2="7">
    <subfield code="a">&#x641;&#x644;&#x633;&#x637;&#x64A;&#x646;</subfield>
    <subfield code="x">&#x62A;&#x627;&#x631;&#x64A;&#x62E;</subfield>
    <subfield code="x">&#x627;&#x644;&#x639;&#x635;&#x631; &#x627;&#x644;&#x62D;&#x62F;&#x64A;&#x62B;</subfield>
    <subfield code="y">&#x627;&#x644;&#x627;&#x62D;&#x62A;&#x644;&#x627;&#x644; &#x627;&#x644;&#x628;&#x631;&#x64A;&#x637;&#x627;&#x646;&#x64A;&#x60C; 1917-1948 &#x645;.</subfield>
    <subfield code="2">BUEsh</subfield>
  </datafield>
  <datafield tag="653" ind1=" " ind2=" ">
    <subfield code="b">BUSBOL</subfield>
    <subfield code="c">February2019</subfield>
  </datafield>
  <datafield tag="942" ind1=" " ind2=" ">
    <subfield code="2">ddc</subfield>
  </datafield>
  <datafield tag="952" ind1=" " ind2=" ">
    <subfield code="0">0</subfield>
    <subfield code="1">0</subfield>
    <subfield code="2">ddc</subfield>
    <subfield code="4">0</subfield>
    <subfield code="7">0</subfield>
    <subfield code="8">&#x627;&#x644;&#x634;&#x631;&#x643;&#x629; &#x627;&#x644;&#x642;</subfield>
    <subfield code="a">MAIN</subfield>
    <subfield code="b">MAIN</subfield>
    <subfield code="c">1ST</subfield>
    <subfield code="d">2019-02-18</subfield>
    <subfield code="e">Purchase</subfield>
    <subfield code="g">60.00</subfield>
    <subfield code="h">0000104</subfield>
    <subfield code="o">320.54095694 &#x634; &#x627; &#x643;</subfield>
    <subfield code="p">000044277</subfield>
    <subfield code="r">2025-07-15 00:00:00</subfield>
    <subfield code="v">75.00</subfield>
    <subfield code="y">BB</subfield>
  </datafield>
</record>
